000 00559nam a2200193Ia 4500
999 _c2709
_d2709
020 _a81-86030-66-2
082 _a307.14160954 MIS-;
100 _aMisra, R.P.
245 0 _aUrbanization in India: challenges and opportunities
260 _aNew Delhi
_bRegency Publications
_c1998
300 _aiv,106p.
440 _aNEHU-NERC-ICSSR annual lectures series; 4
650 _aCities and towns - growth - India
650 _aUrban problems
650 _aUrbanization - India
650 _aUrban development
650 _aUrban policy - India
942 _cBK